Sports Quiz

Random Sports Quiz

Duke 1,000 point scorers (through 08-09) Quiz Stats

 Plays Quiz not verified by Sporcle

Challenge
Share
Tweet
Embed
Score 0/59 Timer 09:00
0 Plays Today
Rank Player % Correct
1J.J. Redick
96%
7Jason Williams
92.7%
13Shelden Williams
89.7%
3Christian Laettner
89.3%
14Grant Hill
87.2%
10Shane Battier
83%
2Johnny Dawkins
82.2%
24Thomas Hill
80.6%
18Bobby Hurley
80.1%
26Carlos Boozer
74%
53Kyle Singler
71.4%
32Jon Scheyer
70.1%
38Chris Duhon
69.4%
31Mike Dunleavy
69.3%
5Danny Ferry
65.7%
39Gerald Henderson
64.7%
4Mike Gminski
61.3%
41Greg Paulus
60.6%
25David Henderson
59.2%
58Antonio Lang
58.9%
12Trajan Langdon
58.7%
30Phil Henderson
58.6%
51Chris Collins
54.6%
52Jay Bilas
54%
21Cherokee Parks
53.6%
10Art Heyman
51%
23Daniel Ewing
50.6%
48Nate James
50.3%
15Dick Groat
47.2%
42Tommy Amaker
46.8%
Rank Player % Correct
27Chris Carrawell
46.6%
7Gene Banks
46%
22Jeff Capel
45.4%
34DeMarcus Nelson
44.7%
6Mark Alarie
44.5%
16Jeff Mullins
38%
9Jim Spanarkel
36.8%
46Alaa Abdelnaby
33.9%
17Bob Verga
25.7%
56Ricky Price
25.3%
36Robert Brickey
22.8%
54Kenny Dennard
18.4%
27Vince Taylor
17.1%
35Tate Armstrong
15.8%
37Jack Marin
15.4%
19Randy Denton
13%
29Mike Lewis
12.5%
49Kevin Strickland
12.2%
57Chip Engelland
11.8%
40Bernie Janicki
6.2%
20Ronnie Mayer
5.5%
33Joe Belmont
4.1%
47Willie Hodge
4.1%
49Howard Hurt
3.8%
59Rick Katherman
3.8%
43Carroll Youngkin
3.5%
45Bob Fleischer
3.3%
44Chris Redding
3.2%
55Rudy D'Emilio
3%

You're not logged in!

Compare scores with friends on all Sporcle quizzes.
OR
Log In

You Might Also Like...

Show Comments

Extras

Top Quizzes Today


Score Distribution

Your Account Isn't Verified!

In order to create a playlist on Sporcle, you need to verify the email address you used during registration. Go to your Sporcle Settings to finish the process.

Report this User

Report this user for behavior that violates our Community Guidelines.

Details: